[Event "Toronto NAYCC U08"]
[Site "Toronto"]
[Date "2013.08.18"]
[Round "8"]
[White "Hua, Charles"]
[Black "Ettibaryan, Levon"]
[Result "0-1"]
[WhiteElo "1440"]
[BlackElo "608"]
[PlyCount "86"]
[EventDate "2013.08.14"]
[EventType "swiss"]
[EventRounds "9"]
[EventCountry "CAN"]
[SourceTitle "EXT 2022"]
[Source "ChessBase"]
[SourceDate "2021.10.06"]
[SourceVersion "1"]
[SourceVersionDate "2021.10.06"]
[SourceQuality "1"]

1. d4 d5 2. c4 c6 3. Nf3 Nf6 4. Nc3 e6 5. Bf4 Bb4 6. e3 Ne4 7. Qb3 Qa5 8. Rc1 0-0 9. a3 Bxc3+ 10. bxc3 Na6 11. cxd5 exd5 12. Bd3 c5 13. 0-0 c4 14. Bxc4 dxc4 15. Qxc4 Bg4 16. Ne5 Bf5 17. d5 Nd2 18. Qd4 Nxf1 19. Rxf1 Qxa3 20. Rd1 Bc2 21. Re1 Rac8 22. Qxa7 Qxc3 23. Rc1 Qd2 24. Ra1 Be4 25. h3 Qxd5 26. f3 Bc2 27. e4 Qc5+ 28. Kh2 Qxa7 29. Rc1 f6 30. Ng4 h5 31. Nf2 Qxf2 32. Bg3 Qd2 33. Re1 Bd1 34. Kg1 Rc1 35. Bf2 Bxf3 36. gxf3 Rxe1+ 37. Bxe1 Qxe1+ 38. Kg2 Rd8 39. f4 Qxe4+ 40. Kg3 Rd3+ 41. Kf2 Qxf4+ 42. Ke2 Qf3+ 43. Ke1 Rd1# 0-1